[Event "CZE-ch U10"]
[Site "Kouty nad Desnou"]
[Date "2020.03.09"]
[Round "4"]
[White "Soucek, Andrej"]
[Black "Milek, Tobias"]
[Result "1/2-1/2"]
[WhiteElo "1043"]
[BlackElo "1163"]
[PlyCount "77"]
[EventDate "2020.03.07"]
[EventType "swiss"]
[EventRounds "7"]
[EventCountry "CZE"]
[SourceTitle "CBM 195 Extra"]
[Source "ChessBase"]
[SourceDate "2020.05.31"]
[SourceVersion "1"]
[SourceVersionDate "2020.05.31"]
[SourceQuality "1"]

1. e4 e5 2. Nf3 Nc6 3. d4 exd4 4. Nxd4 Nf6 5. Nc3 Bb4 6. Nxc6 bxc6 7. Bd3 0-0 8. 0-0 d5 9. exd5 cxd5 10. Bg5 Be6 11. Qf3 Be7 12. h3 c6 13. Bf5 Rb8 14. Bxe6 fxe6 15. Qe3 Qd7 16. Rfe1 Kf7 17. Rab1 d4 18. Qd3 dxc3 19. bxc3 Qxd3 20. cxd3 h6 21. Bh4 Bd6 22. Rbd1 g5 23. Bg3 Bxg3 24. fxg3 Rb2 25. Ra1 Rd8 26. Red1 Nd5 27. Rdc1 Rd2 28. d4 Rd3 29. Rab1 Nb6 30. a4 Rd7 31. a5 Nc8 32. Rb8 Rc7 33. Rf1+ Kg7 34. Rc1 Rxg3 35. Kf2 Rd3 36. Ke2 Rg3 37. Kf2 Rd3 38. Ke2 Rg3 39. Kf2 1/2-1/2